| 000 | 00841cam a22002531 4500 | ||
|---|---|---|---|
| 001 | e 19000166 | ||
| 003 | DLC | ||
| 005 | 20260227111210.0 | ||
| 008 | 960611s1919 dcu 000 0 eng c | ||
| 010 | _ae 19000166 | ||
| 035 | _a(OCoLC)34911999 | ||
| 040 |
_aU.S. Bur. of Education _cMoU _dDLC |
||
| 042 | _apremarc | ||
| 050 | 0 | 0 |
_aLA226 _b.U6 |
| 051 |
_aQC100 _b.U58 1919 _cCopy 3. |
||
| 100 | 1 |
_aAgnew, Paul Gough, _d1881- |
|
| 245 | 1 | 0 |
_aAdvanced educational work within a government bureau. _cBy P.G. Agnew ... |
| 260 |
_a[Washington, _bGovt. Print. Off., _c1919] |
||
| 300 |
_a7 p. _c23 cm. |
||
| 490 | 0 |
_aUnited States. Bureau of Education. Higher education circular _vno. 14, February, 1919 |
|
| 500 | _aCaption title. | ||
| 500 | _aAt head of title: ... Department of the interior ... | ||
| 650 | 0 |
_aEducation _zUnited States. |
|
| 999 |
_c20291 _d20291 |
||